Arte y artistas flamencos / (Record no. 131335)

MARC details
000 -LEADER
campo de control de longitud fija 00581nam a2200181 4500
001 - NÚMERO DE CONTROL
campo de control 131335
003 - IDENTIFICADOR DE NÚMERO DE CONTROL
campo de control ES-MaACL
005 - FECHA Y HORA DE LA ÚLTIMA TRANSACCIÓN
campo de control 20230906193949.0
007 - CAMPO FIJO DE DESCRIPCIÓN FÍSICA--INFORMACIÓN GENERAL
campo de control de longitud fija t|
008 - DATOS DE LONGITUD FIJA--INFORMACIÓN GENERAL
campo de control de longitud fija 070214s1952 sp r ||||1| spa d
100 1# - ENTRADA PRINCIPAL--NOMBRE DE PERSONA
Nombre de persona Rodríguez, Fernando.
9 (RLIN) 98239
245 10 - MENCIÓN DEL TÍTULO
Título Arte y artistas flamencos /
Mención de responsabilidad, etc. Fernando el de Triana [seud.] ; con un apéndice de Máximo Díaz de Quijano.
250 ## - MENCION DE EDICION
Mención de edición 2ª. ed.
260 ## - PUBLICACIÓN, DISTRIBUCIÓN, ETC.
Lugar de publicación, distribución, etc. Madrid :
Nombre del editor, distribuidor, etc. Clan,
Fecha de publicación, distribución, etc. 1952.
300 ## - DESCRIPCIÓN FÍSICA
Extensión XIII, 199 p., 188 lám. :
Otras características físicas il. ;
Dimensiones 19 cm.
700 1# - ENTRADA AGREGADA--NOMBRE PERSONAL
Nombre de persona Díaz de Quijano, Máximo.
9 (RLIN) 44247
852 ## - LOCALIZACIÓN
Ubicación ES-MaACL
Número de control de estantería D-7897
Sublocalización o colección R.32033
Holdings
Estatus retirado Estado de pérdida Estado de daño No para préstamo Biblioteca de origen Biblioteca actual Ubicación en estantería Fecha de adquisición Fuente de adquisición Total de préstamos Signatura topográfica completa Código de barras Visto por última vez Precio de reemplazo Tipo de ítem Koha
        Biblioteca del Ateneo de Madrid Biblioteca del Ateneo de Madrid Sala Valle Inclán 17/01/2008     D-7897 901136731 23/02/2023 23/02/2023 Libro impreso